Kennedy sin pedestal (Record no. 134577)

MARC details
000 -LEADER
campo de control de longitud fija 00630nam a2200205 i 4500
001 - NÚMERO DE CONTROL
campo de control 134577
003 - IDENTIFICADOR DE NÚMERO DE CONTROL
campo de control ES-MaACL
005 - FECHA Y HORA DE LA ÚLTIMA TRANSACCIÓN
campo de control 20250206113022.0
007 - CAMPO FIJO DE DESCRIPCIÓN FÍSICA--INFORMACIÓN GENERAL
campo de control de longitud fija t|
008 - DATOS DE LONGITUD FIJA--INFORMACIÓN GENERAL
campo de control de longitud fija 070912s1965 mx ||||1| spa d
100 1# - ENTRADA PRINCIPAL--NOMBRE DE PERSONA
Nombre de persona Wicker, Tom.
9 (RLIN) 116737
245 10 - MENCIÓN DEL TÍTULO
Título Kennedy sin pedestal
Resto del título : el hombre detrás de la leyenda /
Mención de responsabilidad, etc. Tom Wicker ; [traductor, Alicia B. de Cabral].
250 ## - MENCION DE EDICION
Mención de edición 1ª ed.
260 ## - PUBLICACIÓN, DISTRIBUCIÓN, ETC.
Lugar de publicación, distribución, etc. México :
Nombre del editor, distribuidor, etc. Diana,
Fecha de publicación, distribución, etc. 1965.
300 ## - DESCRIPCIÓN FÍSICA
Extensión 170 p. ;
Dimensiones 18 cm.
600 04 - PUNTO DE ACCESO ADICIONAL DE MATERIA--NOMBRE DE PERSONA
Nombre de persona Kennedy, John F.,
Fechas asociadas al nombre 1917-1963
9 (RLIN) 239598
700 1# - ENTRADA AGREGADA--NOMBRE PERSONAL
Nombre de persona Cabral, Alicia B. de.
9 (RLIN) 33249
852 ## - LOCALIZACIÓN
Ubicación ES-MaACL
Número de control de estantería C-28862
Sublocalización o colección R.58268
Holdings
Estatus retirado Estado de pérdida Estado de daño No para préstamo Biblioteca de origen Biblioteca actual Ubicación en estantería Fecha de adquisición Fuente de adquisición Total de préstamos Signatura topográfica completa Código de barras Visto por última vez Precio de reemplazo Tipo de ítem Koha
        Biblioteca del Ateneo de Madrid Biblioteca del Ateneo de Madrid Depósito 2 17/01/2008     C-28862 1140077 23/02/2023 23/02/2023 Libro impreso